Normal view
MARC view
- ESCUELAS DE AGRONOMIA
Entry Materia
001 - NÚMERO DE CONTROL DEL REGISTRO
- campo de control: 20241
003 - IDENTIFICADOR DE NUMERO DE CONTROL
- campo de control: UPN
005 - FECHA Y HORA DE LA ÚLTIMA TRANSACCIÓN
- campo de control: 20210219193927.0
008 - DATOS DE LONGITUD FIJA
- campo de control de longitud fija: nabaccnnaabn|||||||||| b |nc|||||d
035 ## - NÚMERO DE CONTROL DEL SISTEMA
- Número de control del sistema: UPN10000020250
040 ## - FUENTE DE LA CATALOGACIÓN
- Lengua de catalogación: SPA
- Agencia de transcripción: UPN
150 ## - ENCABEZAMIENTO - TEMÁTICO
- Término de materia o nombre geográfico como elemento inicial: ESCUELAS DE AGRONOMIA
450 ## - VÉASE - MATERIA
- Encabezamiento temático: Colegios agrícolas
670 ## - FUENTE EN LA QUE SE LOCALIZARON DATOS
- Cita de la fuente: A/P
680 ## - NOTA GENERAL CON DESPLIEGUE PÚBLICO
- Texto explicativo: Usase para las obras que tratan de la historia, descripción y estadísticas de las escuelas de agronomía a nivel universitario. Para obras que tratan sobre métodos de instrucción véase
- Encabezamiento: AGRICULTURA - ESTUDIO Y ENSEÑANZA.
- Texto explicativo: Obras generales sobre educación en el campo agrícola, entran bajo
- Encabezamiento: EDUCACION AGRICOLA
902 ## - CATALOGADOR
- Catalogador: MMA/280312
